| 000 | 01845cam a2200361 4500500 | ||
|---|---|---|---|
| 005 | 20260111092823.0 | ||
| 041 | _afre | ||
| 042 | _adc | ||
| 100 | 1 | 0 |
_aJanthial, Dominique _eauthor |
| 245 | 0 | 0 | _aLa consolation : quand Dieu fait justice en faisant miséricorde (en écho à Jean-Pierre Sonnet) |
| 260 | _c2016. | ||
| 500 | _a25 | ||
| 520 | _aEn écho à l’article de J.-P. Sonnet sur les attributs divins de justice et miséricorde ( NRT 138, 2016, p. 3-22), l’A. examine la « réversibilité divine », d’après la racine hébraïque na ham, dans le Cantique de Moïse (Dt 32) et le livre d’Isaïe (surtout les chap. 1-2 et 40). Il apparaît alors que l’agir consolateur de Dieu révèle son dessein juste et miséricordieux. | ||
| 520 | _aConsolation: when God does justice by being merciful (in consonance with J.-P. Sonnet)In consonance with the article of J.-P. Sonnet on the divine attributes of justice and mercy ( NRT 138, 2016, p. 3-22), the author examines the “divine reversibility” according to the Hebrew root naham, in the Canticle of Moses (Dt 32) and the book of Isaiah (especially ch. 1-2 and 40). It appears then that the consoling action of God reveals his just and merciful plan. | ||
| 690 | _aam | ||
| 690 | _aconsolation | ||
| 690 | _ah | ||
| 690 | _aIsaïe | ||
| 690 | _ajustice et miséricorde | ||
| 690 | _ana | ||
| 690 | _aracine | ||
| 690 | _avengeance de Dieu | ||
| 690 | _aam | ||
| 690 | _aconsolation | ||
| 690 | _ah | ||
| 690 | _aIsaiah | ||
| 690 | _ajustice and mercy | ||
| 690 | _ana | ||
| 690 | _aroot | ||
| 690 | _avengeance of God | ||
| 786 | 0 | _nNouvelle revue théologique | 138 | 4 | 2016-09-08 | p. 529-535 | 0029-4845 | |
| 856 | 4 | 1 | _uhttps://shs.cairn.info/revue-nouvelle-revue-theologique-2016-4-page-529?lang=fr&redirect-ssocas=7080 |
| 999 |
_c1624486 _d1624486 |
||